000 00357nam a22001577a 4500
003 MPLRDC
005 20220104143157.0
008 210129b ||||| |||| 00| 0 eng d
082 _a381 HB
100 _a怀冰译述
245 _a动物奇观
_c
260 _a
_b大光出版社
_c1967
300 _b
650 _a动物形态
942 _cBK
_o381 HB
999 _c37374
_d37364